000 00298nam a2200121Ia 4500
005 20251222141801.0
008 251222s9999||||xx |||||||||||||| ||spa||
082 _a155.45/B45/Ej.2
100 _aBernardes Solymos, Gisela Maria
245 0 _aAbordaje Psicológico
264 _bD´Lippi
942 _cLIB
999 _c6159
_d6159